On A Map: Europe Quiz Stats

 Plays Quiz Updated Feb 13, 2019

Score 0/47 Timer 06:00
26 Plays Today
% Correct
Spain
89.5%
France
89.4%
Ireland
89.2%
Portugal
89.2%
Russia
89%
Iceland
88.9%
Germany
88.8%
United Kingdom
88.7%
Sweden
88.1%
Norway
87.9%
Finland
87.4%
Italy
87.4%
Poland
86.2%
Denmark
85.8%
Turkey
85.3%
Belgium
84%
Greece
83.4%
Netherlands
83.3%
Switzerland
82.2%
Ukraine
81.6%
Vatican City
81.5%
Estonia
80.6%
Latvia
80.4%
Austria
80.2%
% Correct
Lithuania
78.9%
Andorra
78.2%
Czechia
78.1%
Luxembourg
78.1%
Cyprus
76.9%
Belarus
75%
Romania
74.7%
Malta
74.2%
Monaco
73.3%
Slovakia
73.3%
Hungary
72.5%
Croatia
71.4%
San Marino
70.7%
Albania
66.5%
Bulgaria
66.4%
Serbia
66.2%
North Macedonia
65.2%
Slovenia
65%
Liechtenstein
64.2%
Moldova
63.9%
Bosnia and Herzegovina
62.3%
Montenegro
60.6%
Kosovo
59.8%

You're not logged in!

Compare scores with friends on all Sporcle quizzes.
OR
Log In

Show Comments

Extras

Top Quizzes Today


Score Distribution

Your Account Isn't Verified!

In order to create a playlist on Sporcle, you need to verify the email address you used during registration. Go to your Sporcle Settings to finish the process.

Report this User

Report this user for behavior that violates our Community Guidelines.

Details: